Fr. Conceicao Rodrigues College of Engineering

Powder metallurgy (Record no. 26143)

MARC details
000 -LEADER
fixed length control field 00373nam a2200169Ia 4500
082 ## - DEWEY DECIMAL CLASSIFICATION NUMBER
Classification number 671.37/RAM
Item number RAM
100 ## - MAIN ENTRY--PERSONAL NAME
Personal name Ramakrishnan/P
245 ## - TITLE STATEMENT
Title Powder metallurgy
260 ## - PUBLICATION, DISTRIBUTION, ETC.
Name of publisher, distributor, etc. New Age Interational Ltd.
Place of publication, distribution, etc. New Delhi
Date of publication, distribution, etc. 2007
366 ## - TRADE AVAILABILITY INFORMATION
Publishers's discount category 20
300 ## - PHYSICAL DESCRIPTION
Extent 381
546 ## - LANGUAGE NOTE
Language note ENGLISH
650 ## - SUBJECT ADDED ENTRY--TOPICAL TERM
Topical term or geographic name entry element Metallurgy
654 ## - SUBJECT ADDED ENTRY--FACETED TOPICAL TERMS
Focus term Powder metallurgy
942 ## - ADDED ENTRY ELEMENTS (KOHA)
Koha item type BOOK
Holdings
Withdrawn status Lost status Damaged status Not for loan Collection Home library Current library Date acquired Source of acquisition Cost, normal purchase price Inventory number Total Checkouts Full call number Barcode Date last seen Cost, replacement price Price effective from Koha item type
        CRC Fr. Agnel's C.Rodrigues College of Engineering Fr. Agnel's C.Rodrigues College of Engineering 17/03/2023 Professional Book house 475.00 566 dt 25/03/2008   671.37/RAM RAM 18519 17/03/2023 495.00   BOOK